Hora actual de la novela española
Salvato in:
| Autore principale: | |
|---|---|
| Natura: | Libro |
| Lingua: | spagnolo |
| Pubblicazione: |
Madrid
Taurus
1958
|
| Soggetti: | |
| Tags: |
Aggiungi Tag
Nessun Tag, puoi essere il primo ad aggiungerne!!
|
MARC
| LEADER | 00000nam a2200000 a 4500 | ||
|---|---|---|---|
| 001 | UCQ5372 | ||
| 003 | CL-VaPUC | ||
| 008 | 980925e19580000SP |||||||||||||||||spa|d | ||
| 082 | 0 | 4 | |a 863.09 |b ALB |2 21 |
| 100 | 0 | |a Alborg, Juan Luis |e author |9 419504 | |
| 245 | 1 | 0 | |a Hora actual de la novela española |
| 300 | |a 333 p | ||
| 942 | |c BK | ||
| 945 | |d 19980925 00:00:00 |a crobeson | ||
| 260 | |a Madrid |b Taurus |c 1958 | ||
| 650 | 7 | |a NOVELA ESPAÑOLA |2 CL-VaPUC |9 313139 | |
| 650 | 0 | |a Literatura española |9 306261 | |
| 650 | 0 | |a Historia y crítica |9 257407 | |
| 583 | |a last modification |c 19980925 00:00:00 |k Rodrigo Vera | ||
| 999 | |c 275585 |d 275583 | ||